[Event "Bucharest Grand Prix op"]
[Site "Bucharest"]
[Date "2024.03.24"]
[Round "8"]
[White "Magold, Filip"]
[Black "Vasilescu, Lucian Mihail"]
[Result "1-0"]
[WhiteElo "2403"]
[BlackElo "2116"]
[PlyCount "69"]
[EventDate "2024.03.23"]
[EventType "swiss (rapid)"]
[EventRounds "10"]
[EventCountry "ROU"]
[SourceTitle "CB13_2024"]
[SourceDate "2024.03.27"]
[SourceVersion "1"]
[SourceVersionDate "2024.03.27"]
[SourceQuality "1"]

1. e4 c5 2. Nf3 a6 3. c3 e6 4. d4 d5 5. exd5 exd5 6. Bd3 Nc6 7. 0-0 Bd6 8. dxc5 Bxc5 9. Nbd2 Nge7 10. Nb3 Bd6 11. h3 0-0 12. Bg5 h6 13. Bh4 Qc7 14. Qd2 Bf4 15. Qe1 Nf5 16. Rd1 Bd7 17. Bxf5 Rfe8 18. Bxd7 Rxe1 19. Rfxe1 Qxd7 20. Nc5 Qc7 21. Rxd5 g5 22. Bg3 Bxg3 23. fxg3 Rd8 24. Rxd8+ Nxd8 25. Ne4 f5 26. Nf2 Nf7 27. g4 fxg4 28. Nxg4 Qb6+ 29. Nd4 Qxb2 30. Re8+ Kh7 31. Nf6+ Kg6 32. Ne4 Qxa2 33. Rg8+ Kh5 34. Ng3+ Kh4 35. Ndf5# 1-0

[Event "ROM-chT"]
[Site "Sovata"]
[Date "2018.12.01"]
[Round "8.1"]
[White "Vasilescu, Lucian Mihail"]
[Black "Balla, Tamas Kristof"]
[Result "0-1"]
[WhiteElo "2197"]
[BlackElo "2318"]
[PlyCount "134"]
[EventDate "2018.11.24"]
[EventType "team-tourn"]
[EventRounds "9"]
[EventCountry "ROU"]
[SourceTitle "CBM 187 Extra"]
[Source "ChessBase"]
[SourceDate "2018.11.04"]
[SourceVersion "1"]
[SourceVersionDate "2018.11.04"]
[SourceQuality "1"]
[WhiteTeam "Otopeni"]
[BlackTeam "Arad Vados"]
[WhiteTeamCountry "ROU"]
[BlackTeamCountry "ROU"]

1. c4 c5 2. g3 Nc6 3. Bg2 g6 4. Nc3 Bg7 5. d3 e6 6. Nf3 Nge7 7. Bg5 h6 8. Bd2 0-0 9. Qc1 Kh7 10. a3 d5 11. Rb1 a5 12. Qc2 b6 13. 0-0 d4 14. Na4 Bd7 15. Ra1 e5 16. Rfb1 Qc7 17. Ne1 Ra6 18. Ra2 h5 19. b3 Bh6 20. h4 Bxd2 21. Qxd2 Nd8 22. Nf3 f6 23. Nb2 Nec6 24. Nd1 Nf7 25. e3 dxe3 26. Nxe3 Be6 27. Ne1 Nh6 28. N1c2 Rd8 29. Nd5 Bxd5 30. Bxd5 Ne7 31. Ne3 f5 32. Re1 Ra7 33. Qc1 Ng4 34. Nxg4 hxg4 35. Rae2 Nxd5 36. cxd5 Rxd5 37. h5 Qe7 38. hxg6+ Kxg6 39. Qc3 Kf6 40. Qd2 Qg7 41. Kg2 Ke6 42. Rh1 Rf7 43. Ree1 Kd7 44. Rh5 Rd4 45. Qe3 Kc7 46. Reh1 f4 47. gxf4 exf4 48. Qe8 f3+ 49. Kg3 Qf6 50. Qxf7+ Qxf7 51. Rh7 Qxh7 52. Rxh7+ Kc6 53. Rh6+ Kb7 54. Rg6 Rxd3 55. Rxg4 Rxb3 56. a4 Rb4 57. Kxf3 c4 58. Ke3 Rxa4 59. f4 Ra3+ 60. Kd4 c3 61. Kd3 b5 62. f5 b4 63. f6 Ra2 64. Rf4 Rd2+ 65. Ke3 Rd8 66. f7 c2 67. Rf1 b3 0-1

[Event "ROM-ch"]
[Site "Olanesti"]
[Date "2018.05.20"]
[Round "7"]
[White "Vasilescu, Lucian Mihail"]
[Black "Farcadi, Hunor"]
[Result "1-0"]
[WhiteElo "2243"]
[BlackElo "1959"]
[PlyCount "39"]
[EventDate "2018.05.14"]
[EventType "swiss"]
[EventRounds "9"]
[EventCountry "ROU"]
[SourceTitle "CBM 184 Extra"]
[Source "ChessBase"]
[SourceDate "2018.06.28"]
[SourceVersion "1"]
[SourceVersionDate "2018.06.28"]
[SourceQuality "1"]

1. c4 Nf6 2. Nf3 g6 3. Nc3 Bg7 4. e4 d6 5. d4 0-0 6. h3 e5 7. dxe5 dxe5 8. Qxd8 Rxd8 9. Bg5 Na6 10. Nd5 Rd6 11. Bxf6 Bxf6 12. 0-0-0 Bg7 13. b4 Bh6+ 14. Kb2 b6 15. c5 bxc5 16. Ne7+ Kf8 17. Rxd6 Kxe7 18. Rxa6 Bxa6 19. Bxa6 cxb4 20. Rd1 1-0

[Event "ROM-chT"]
[Site "Calimanesti Caciulata"]
[Date "2016.11.22"]
[Round "4.3"]
[White "Zhigalko, Sergei"]
[Black "Vasilescu, Lucian Mihail"]
[Result "1-0"]
[WhiteElo "2669"]
[BlackElo "2283"]
[PlyCount "44"]
[EventDate "2016.11.19"]
[EventType "team-tourn"]
[EventRounds "9"]
[EventCountry "ROU"]
[SourceTitle "CBM 175 Extra"]
[Source "ChessBase"]
[SourceDate "2016.12.12"]
[SourceVersion "1"]
[SourceVersionDate "2016.12.12"]
[SourceQuality "1"]
[WhiteTeam "Vados"]
[BlackTeam "Otopeni"]
[WhiteTeamCountry "ROU"]
[BlackTeamCountry "ROU"]

1. e4 d6 2. d4 Nf6 3. Nc3 e5 4. Nf3 Nbd7 5. Bc4 Be7 6. a4 0-0 7. 0-0 a6 8. Qe2 exd4 9. Nxd4 Ne5 10. Ba2 c5 11. Nf3 Bg4 12. Bf4 Bxf3 13. gxf3 Qd7 14. Bg3 Qh3 15. f4 Nc6 16. e5 Nd4 17. Qd3 Ng4 18. Bd5 Rad8 19. Rad1 dxe5 20. fxe5 Qh5 21. Rfe1 Bh4 22. Bxh4 Qxh4 1-0

[Event "Cap Aurora op 20th"]
[Site "Cap Aurora"]
[Date "2016.07.02"]
[Round "9"]
[White "Czerw, Dawid"]
[Black "Vasilescu, Lucian Mihail"]
[Result "1-0"]
[WhiteElo "2154"]
[BlackElo "2306"]
[PlyCount "77"]
[EventDate "2016.06.25"]
[EventType "swiss"]
[EventRounds "9"]
[EventCountry "ROU"]
[SourceTitle "CBM 173 Extra"]
[Source "ChessBase"]
[SourceDate "2016.08.29"]
[SourceVersion "1"]
[SourceVersionDate "2016.08.29"]
[SourceQuality "1"]

1. d4 e6 2. c4 Nf6 3. g3 Bb4+ 4. Nd2 d5 5. Bg2 0-0 6. Ngf3 Re8 7. 0-0 b6 8. Ne5 Bb7 9. Qa4 Bf8 10. Rd1 Qc8 11. Ndf3 Ne4 12. Nd2 f6 13. Nd3 Na6 14. Nxe4 dxe4 15. Nf4 e5 16. dxe5 Rxe5 17. Be3 Bc5 18. Bd4 Bxd4 19. Rxd4 Nc5 20. Qc2 a5 21. Rad1 f5 22. h4 e3 23. f3 g6 24. Nd3 Nxd3 25. Qxd3 Re7 26. h5 Qf8 27. g4 gxh5 28. gxf5 Rae8 29. Rh4 Qh6 30. c5 Qg5 31. Rh2 Rf7 32. f4 Qg3 33. Kh1 c6 34. Rg1 Rg7 35. f6 Rg4 36. Qd7 Rf8 37. Bd5+ cxd5 38. Rxg3 Rxg3 39. Qxb7 1-0

[Event "ROM-chT2"]
[Site "Mamaia"]
[Date "2015.10.05"]
[Round "3.1"]
[White "Tomescu, Vlad"]
[Black "Vasilescu, Lucian Mihail"]
[Result "1/2-1/2"]
[WhiteElo "2339"]
[BlackElo "2294"]
[PlyCount "108"]
[EventDate "2015.10.03"]
[EventType "team-tourn"]
[EventRounds "9"]
[EventCountry "ROU"]
[SourceTitle "CBM 169 Extra"]
[Source "ChessBase"]
[SourceDate "2015.12.18"]
[SourceVersion "1"]
[SourceVersionDate "2015.12.18"]
[SourceQuality "1"]
[WhiteTeam "Buzau Pheonix"]
[BlackTeam "Otopeni"]
[WhiteTeamCountry "ROU"]
[BlackTeamCountry "ROU"]

1. e4 c5 2. Nf3 a6 3. Nc3 b5 4. d4 cxd4 5. Nxd4 Bb7 6. Bd3 Nc6 7. Nxc6 Bxc6 8. 0-0 e6 9. Qe2 Be7 10. Bf4 d6 11. Rfd1 Qb6 12. e5 dxe5 13. Bxe5 Nf6 14. Ne4 Qb7 15. f3 Nxe4 16. Bxe4 Bxe4 17. fxe4 f6 18. Bd6 Qb6+ 19. Qf2 Qxf2+ 20. Kxf2 Bxd6 21. Rxd6 Ke7 22. Rad1 Rhd8 23. Rxd8 Rxd8 24. Rxd8 Kxd8 25. Ke3 Kd7 26. b4 Kd6 27. c4 e5 28. Kd3 h5 29. h3 h4 30. c5+ Ke6 31. Ke3 g6 32. Kf3 f5 33. g3 hxg3 34. exf5+ gxf5 35. Kxg3 f4+ 36. Kg4 Kd5 37. Kf3 e4+ 38. Kxf4 Kd4 39. c6 e3 40. c7 e2 41. c8Q e1Q 42. Qc5+ Kd3 43. Qd5+ Kc3 44. Qe5+ Qxe5+ 45. Kxe5 Kxb4 46. h4 Ka3 47. h5 Kxa2 48. h6 b4 49. h7 b3 50. h8Q b2 51. Qc8 b1Q 52. Qxa6+ Kb3 53. Qb5+ Kc2 54. Qxb1+ Kxb1 1/2-1/2

[Event "ROM-chT2"]
[Site "Calimanesti"]
[Date "2014.11.13"]
[Round "6.2"]
[White "Vasilescu, Lucian Mihail"]
[Black "Thesing, Matthias"]
[Result "1/2-1/2"]
[WhiteElo "2276"]
[BlackElo "2310"]
[PlyCount "56"]
[EventDate "2014.11.08"]
[EventType "team-tourn"]
[EventRounds "9"]
[EventCountry "ROU"]
[SourceTitle "CBM 163 Extra"]
[Source "ChessBase"]
[SourceDate "2014.12.23"]
[SourceVersion "1"]
[SourceVersionDate "2014.12.23"]
[SourceQuality "1"]
[WhiteTeam "Otopeni"]
[BlackTeam "Resita Muncitorul"]
[WhiteTeamCountry "ROU"]
[BlackTeamCountry "ROU"]

1. g3 d5 2. Bg2 Nf6 3. c4 e6 4. Nf3 d4 5. 0-0 c5 6. e3 Nc6 7. exd4 cxd4 8. Re1 Bd6 9. d3 h6 10. a3 a5 11. Bf4 0-0 12. Ne5 Ne7 13. h4 Ne8 14. Qh5 a4 15. Nd2 Ra5 16. b4 axb3 17. Nxb3 Rxa3 18. Rxa3 Bxa3 19. Ra1 Bd6 20. c5 Bc7 21. Ra8 Nf6 22. Qe2 Nfd5 23. Bc1 Bxe5 24. Qxe5 Nc6 25. Qe2 Nc3 26. Qh5 Qf6 27. Bxc6 bxc6 28. Bf4 Nb5 1/2-1/2

[Event "ROM-ch"]
[Site "Baile Olanesti"]
[Date "2013.02.19"]
[Round "5"]
[White "Vasilescu, Lucian Mihail"]
[Black "Jugaru, Lucian"]
[Result "1-0"]
[WhiteElo "2279"]
[BlackElo "1941"]
[PlyCount "129"]
[EventDate "2013.02.16"]
[EventType "swiss"]
[EventRounds "11"]
[EventCountry "ROU"]
[SourceTitle "CBM 153 Extra"]
[Source "ChessBase"]
[SourceDate "2013.04.22"]
[SourceVersion "1"]
[SourceVersionDate "2013.04.22"]
[SourceQuality "1"]

1. g3 Nf6 2. Bg2 d6 3. e4 g6 4. Ne2 Bg7 5. 0-0 0-0 6. c4 c5 7. Nbc3 Nc6 8. d3 Bg4 9. f3 Bd7 10. Be3 a6 11. a4 Ne8 12. Rb1 Nc7 13. d4 cxd4 14. Nxd4 Nxd4 15. Bxd4 Bxd4+ 16. Qxd4 b5 17. cxb5 axb5 18. axb5 Nxb5 19. Nxb5 Bxb5 20. Rf2 Qc7 21. Qd2 Qb6 22. h4 h5 23. f4 Qa5 24. b4 Qa3 25. Kh2 Qd3 26. Qxd3 Bxd3 27. Rd1 Bb5 28. e5 Ra6 29. exd6 Rxd6 30. Rxd6 exd6 31. f5 Kg7 32. Bd5 f6 33. Rc2 Rd8 34. Rc7+ Rd7 35. Rc8 gxf5 36. Rb8 Bd3 37. Bf3 Be4 38. Bxh5 d5 39. Kg1 d4 40. Kf2 d3 41. Bd1 Ra7 42. Ke3 Ra1 43. Kd2 Ra2+ 44. Kc3 Rg2 45. b5 Rxg3 46. b6 Rh3 47. b7 Bxb7 48. Rxb7+ Kg6 49. Rb4 Re3 50. Rf4 Re4 51. h5+ Kg5 52. Rf1 Re3 53. Rg1+ Kh6 54. Rg6+ Kh7 55. Rxf6 Re1 56. Bf3 Re5 57. Kxd3 Ra5 58. Ke3 Kg7 59. Rg6+ Kh7 60. Kf4 Rc5 61. Ra6 Rb5 62. Kg5 Rc5 63. Ra7+ Kh8 64. Kg6 Rc8 65. Bd5 1-0

[Event "ROM-ch"]
[Site "Baile Olanesti"]
[Date "2013.02.18"]
[Round "4"]
[White "Hajbok, Robert"]
[Black "Vasilescu, Lucian Mihail"]
[Result "1-0"]
[WhiteElo "2313"]
[BlackElo "2279"]
[PlyCount "61"]
[EventDate "2013.02.16"]
[EventType "swiss"]
[EventRounds "11"]
[EventCountry "ROU"]
[SourceTitle "CBM 153 Extra"]
[Source "ChessBase"]
[SourceDate "2013.04.22"]
[SourceVersion "1"]
[SourceVersionDate "2013.04.22"]
[SourceQuality "1"]

1. e4 c5 2. Nf3 a6 3. c3 d5 4. exd5 Qxd5 5. d4 e6 6. Be3 cxd4 7. cxd4 Nf6 8. Nc3 Qd6 9. Be2 Be7 10. 0-0 0-0 11. Ne5 Nbd7 12. Bf4 Nd5 13. Nxd5 Qxd5 14. Bf3 Qb5 15. a4 Qb4 16. Nd3 Qxd4 17. Be3 Qf6 18. Qb3 Ne5 19. Nxe5 Qxe5 20. Rfd1 Bc5 21. Bxc5 Qxc5 22. Rac1 Qa5 23. Qa3 Qe5 24. a5 Rb8 25. Qb4 b6 26. axb6 Bb7 27. Rc5 Qf6 28. Bxb7 Rxb7 29. Rc7 Rfb8 30. Qc5 h6 31. Rxb7 1-0

[Event "ROM-ch"]
[Site "Baile Olanesti"]
[Date "2013.02.16"]
[Round "1"]
[White "Vasilescu, Lucian Mihail"]
[Black "Cosmulescu, Alexandru Paul"]
[Result "1-0"]
[WhiteElo "2279"]
[BlackElo "1883"]
[PlyCount "53"]
[EventDate "2013.02.16"]
[EventType "swiss"]
[EventRounds "11"]
[EventCountry "ROU"]
[SourceTitle "CBM 153 Extra"]
[Source "ChessBase"]
[SourceDate "2013.04.22"]
[SourceVersion "1"]
[SourceVersionDate "2013.04.22"]
[SourceQuality "1"]

1. c4 Nf6 2. g3 e6 3. Bg2 d5 4. Nf3 Be7 5. 0-0 0-0 6. b3 c6 7. Bb2 Nbd7 8. d3 b6 9. Nbd2 Bb7 10. e4 dxc4 11. dxc4 Nc5 12. e5 Nfd7 13. Qe2 Qc7 14. Rad1 a5 15. Ba1 Na6 16. h4 a4 17. Ne4 axb3 18. Rxd7 Qxd7 19. Nf6+ Bxf6 20. exf6 Rfd8 21. Qe3 Qd3 22. Qxb6 Rab8 23. Ne5 Qd2 24. axb3 Bc8 25. Qa7 Bb7 26. fxg7 Nb4 27. Ng4 1-0

[Event "ROM-chT"]
[Site "Brasov"]
[Date "2011.10.15"]
[Round "8.2"]
[White "Vasilescu, Lucian Mihail"]
[Black "Cioara, Andrei Nestor"]
[Result "1/2-1/2"]
[WhiteElo "2295"]
[BlackElo "2436"]
[PlyCount "140"]
[EventDate "2011.10.08"]
[EventType "team-tourn"]
[EventRounds "9"]
[EventCountry "ROU"]
[SourceTitle "CBM 144 Extra"]
[Source "ChessBase"]
[SourceDate "2011.10.28"]
[SourceVersion "1"]
[SourceVersionDate "2011.10.28"]
[SourceQuality "1"]
[WhiteTeam "Lugoj"]
[BlackTeam "Ploiesti Universitar"]
[WhiteTeamCountry "ROU"]
[BlackTeamCountry "ROU"]

1. c4 c6 2. g3 d5 3. Bg2 Nf6 4. Nf3 Bg4 5. Ne5 Bf5 6. cxd5 cxd5 7. Nc3 Nc6 8. Qa4 Bd7 9. Nxd7 Qxd7 10. 0-0 e6 11. d3 Be7 12. e4 0-0 13. exd5 Nxd5 14. Nxd5 exd5 15. Bd2 Rfd8 16. Rfd1 Bf6 17. Bc3 Nd4 18. Qxd7 Rxd7 19. Kf1 g6 20. Rac1 Kg7 21. h4 h5 22. Re1 Nc6 23. Rc2 Rad8 24. Rce2 Nd4 25. Re8 Ne6 26. Rxd8 Rxd8 27. Rc1 Rd7 28. Bh3 Bxc3 29. bxc3 Rc7 30. Ke2 Rc5 31. Ke3 Kf6 32. Kd2 Ra5 33. Rc2 Ke7 34. Rb2 b6 35. Bg2 Kd6 36. d4 Ra3 37. Bf3 Nxd4 38. Bxh5 gxh5 39. cxd4 f5 40. Rc2 f4 41. gxf4 Rf3 42. Rc8 Rxf4 43. Ke3 Re4+ 44. Kd3 Rxh4 45. Rh8 Rh3+ 46. Ke2 Ra3 47. Rh6+ Kc7 48. Rxh5 Rxa2+ 49. Ke3 Kc6 50. f4 Ra3+ 51. Ke2 Rg3 52. Re5 a5 53. f5 Rg5 54. Ke3 a4 55. Kf4 Rg1 56. Re6+ Kb5 57. Re3 Kc4 58. f6 Rg8 59. Kf5 b5 60. f7 Rf8 61. Kf6 b4 62. Re8 Rxf7+ 63. Kxf7 a3 64. Ra8 Kxd4 65. Ke6 Kc4 66. Ke5 d4 67. Ke4 b3 68. Ra4+ Kc3 69. Rxa3 Kc2 70. Kxd4 b2 1/2-1/2

[Event "ROM-ch op"]
[Site "Sarata Monteoru"]
[Date "2011.02.19"]
[Round "10"]
[White "Vasilescu, Lucian Mihail"]
[Black "Turcu, Iulian1111"]
[Result "0-1"]
[WhiteElo "2298"]
[BlackElo "2200"]
[PlyCount "118"]
[EventDate "2011.02.12"]
[EventType "swiss"]
[EventRounds "11"]
[EventCountry "ROU"]
[SourceTitle "EXT 2013"]
[Source "ChessBase"]
[SourceDate "2012.11.22"]
[SourceVersion "1"]
[SourceVersionDate "2012.11.22"]
[SourceQuality "1"]

1. c4 Nf6 2. g3 g6 3. Bg2 d5 4. cxd5 Nxd5 5. Nc3 Nxc3 6. bxc3 Bg7 7. Nf3 0-0 8. 0-0 Nc6 9. Rb1 b6 10. Qc2 Bb7 11. d3 Na5 12. Bd2 c5 13. c4 Nc6 14. Rb3 Rb8 15. Rfb1 Ba8 16. Qc1 Re8 17. Ra3 Qd7 18. h4 h5 19. Rab3 e5 20. a4 Nd4 21. Nxd4 Bxg2 22. Kxg2 exd4 23. Bf4 Ra8 24. R1b2 Qxa4 25. Rb5 Qa6 26. Kh2 Re6 27. Qh1 Rae8 28. Qf3 Qa4 29. Kg2 Qa6 30. R5b3 Qa4 31. Rb5 Be5 32. Bh6 Qa6 33. Bg5 Qc8 34. Rb1 Bb8 35. R5b2 Qc6 36. Ra1 Qxf3+ 37. Kxf3 a5 38. Bf4 Bxf4 39. gxf4 Rc6 40. Rb5 Kg7 41. e4 dxe3 42. fxe3 Rd6 43. Ra3 f5 44. e4 fxe4+ 45. dxe4 Rd4 46. Re3 Re6 47. e5 Rxc4 48. Rd3 Rb4 49. Rd7+ Kf8 50. Rxb4 cxb4 51. Ke4 b3 52. f5 b2 53. Rd1 gxf5+ 54. Kxf5 Rc6 55. Rb1 Rc2 56. Ke6 a4 57. Rf1+ Ke8 58. Rg1 Rc6+ 59. Kd5 Rc1 0-1

[Event "ROM-ch op"]
[Site "Sarata Monteoru"]
[Date "2011.02.16"]
[Round "6"]
[White "Vasilescu, Lucian Mihail"]
[Black "Berescu, Alin Mile"]
[Result "0-1"]
[WhiteElo "2298"]
[BlackElo "2476"]
[PlyCount "74"]
[EventDate "2011.02.12"]
[EventType "swiss"]
[EventRounds "11"]
[EventCountry "ROU"]
[SourceTitle "CBM 140 Extra"]
[Source "ChessBase"]
[SourceDate "2011.03.01"]
[SourceVersion "1"]
[SourceVersionDate "2011.03.01"]
[SourceQuality "1"]

1. c4 e5 2. g3 Nf6 3. Bg2 Bc5 4. Nc3 0-0 5. Nf3 d6 6. 0-0 Nc6 7. d3 h6 8. a3 a6 9. b4 Ba7 10. Bb2 Be6 11. Nd2 Qd7 12. Nd5 Nh7 13. e3 Nd8 14. Nb3 c6 15. Nc3 Bg4 16. Qd2 f5 17. f4 Nf7 18. h3 Bh5 19. Kh2 Rae8 20. Rae1 Nf6 21. d4 exf4 22. exf4 d5 23. cxd5 cxd5 24. Nc5 Qc6 25. Qc2 Ne4 26. Bxe4 fxe4 27. Qb3 Rd8 28. g4 Bg6 29. f5 Qc7+ 30. Kh1 Bb8 31. Qc2 Ng5 32. fxg6 Qg3 33. Qg2 Qh4 34. Rxf8+ Rxf8 35. Rf1 Rf3 36. Nd7 Rxh3+ 37. Kg1 Nf3+ 0-1

[Event "ROM-ch op"]
[Site "Sarata Monteoru"]
[Date "2011.02.15"]
[Round "5"]
[White "Vasilescu, Lucian Mihail"]
[Black "Dicu, Razvan Stefan"]
[Result "1-0"]
[WhiteElo "2298"]
[BlackElo "2087"]
[PlyCount "81"]
[EventDate "2011.02.12"]
[EventType "swiss"]
[EventRounds "11"]
[EventCountry "ROU"]
[SourceTitle "CBM 140 Extra"]
[Source "ChessBase"]
[SourceDate "2011.03.01"]
[SourceVersion "1"]
[SourceVersionDate "2011.03.01"]
[SourceQuality "1"]

1. c4 c5 2. g3 Nc6 3. Bg2 g6 4. Nc3 Bg7 5. Nf3 e5 6. 0-0 Nge7 7. a3 0-0 8. Rb1 a5 9. Ne1 d6 10. Nc2 Be6 11. Ne3 f5 12. d3 h6 13. Bd2 g5 14. Ned5 Ng6 15. b4 axb4 16. axb4 Rf7 17. bxc5 dxc5 18. e3 g4 19. Rb5 Ra5 20. Qb3 Rxb5 21. Qxb5 Bf8 22. Na4 Qd6 23. Rb1 Bd7 24. Qb6 Kg7 25. Nac3 Be6 26. Bc1 Nge7 27. Nb5 Qd7 28. Nbc7 Nc8 29. Qb5 Kg6 30. Nxe6 Qxe6 31. Ra1 Bd6 32. Ba3 e4 33. dxe4 fxe4 34. Bxc5 Be5 35. Ra2 Qf5 36. Qb1 Kg7 37. Qxe4 Qxe4 38. Bxe4 Bd6 39. Bd4+ Be5 40. Bxe5+ Nxe5 41. c5 1-0

[Event "ROM-ch op"]
[Site "Sarata Monteoru"]
[Date "2011.02.14"]
[Round "4"]
[White "Siclovan, Cristian Daniel"]
[Black "Vasilescu, Lucian Mihail"]
[Result "0-1"]
[WhiteElo "2086"]
[BlackElo "2298"]
[PlyCount "66"]
[EventDate "2011.02.12"]
[EventType "swiss"]
[EventRounds "11"]
[EventCountry "ROU"]
[SourceTitle "CBM 140 Extra"]
[Source "ChessBase"]
[SourceDate "2011.03.01"]
[SourceVersion "1"]
[SourceVersionDate "2011.03.01"]
[SourceQuality "1"]

1. e4 c5 2. c3 g6 3. d4 cxd4 4. cxd4 d5 5. e5 Nc6 6. Nc3 Nh6 7. Bb5 Bg7 8. Nge2 0-0 9. 0-0 f6 10. Qa4 Bd7 11. exf6 Rxf6 12. Nxd5 Rd6 13. Bxh6 Bxh6 14. Ndc3 a6 15. Bxc6 Bxc6 16. Qc4+ e6 17. Rad1 Qh4 18. Ng3 Bg7 19. Rfe1 Bxd4 20. Nce4 Rad8 21. Nxd6 Rxd6 22. b3 b5 23. Qc2 e5 24. a4 bxa4 25. Qc4+ Kg7 26. Qxa6 axb3 27. Qa3 Qf6 28. Rd2 Bd5 29. Qa5 b2 30. Qc7+ Kh6 31. Qc2 Rc6 32. Qb1 Rb6 33. Rc2 Qf7 0-1